Revealing stereotypes: Evidence from immigrants in schools (Record no. 527836)

000 -LEADER
fixed length control field 01197nam a22001457a 4500
008 - FIXED-LENGTH DATA ELEMENTS--GENERAL INFORMATION
fixed length control field 240927b ||||| |||| 00| 0 eng d
100 ## - MAIN ENTRY--PERSONAL NAME
Personal name Alesina, A., Carlana, M. Ferrara, E.L. and Pinotti, P.
245 ## - TITLE STATEMENT
Title Revealing stereotypes: Evidence from immigrants in schools
260 ## - PUBLICATION, DISTRIBUTION, ETC. (IMPRINT)
Place of publication, distribution, etc The American Economic Review
300 ## - PHYSICAL DESCRIPTION
Extent 114(7), Jul, 2024: p.1916-1948
520 ## - SUMMARY, ETC.
Summary, etc We study how people change their behavior after being made aware of bias. Teachers in Italian schools give lower grades to immigrant students relative to natives of comparable ability. In two experiments, we reveal to teachers their own stereotypes, measured by an Implicit Association Test (IAT). In the first, we find that learning one's IAT before assigning grades reduces the native-immigrant grade gap. In the second, IAT disclosure and generic debiasing have similar average effects, but there is heterogeneity: teachers with stronger negative stereotypes do not respond to generic debiasing but change their behavior when informed about their own IAT.- Reproduced

https://www.aeaweb.org/articles?id=10.1257/aer.20191184
773 ## - HOST ITEM ENTRY
Main entry heading The American Economic Review
906 ## - LOCAL DATA ELEMENT F, LDF (RLIN)
Subject DIP MIGRATION
942 ## - ADDED ENTRY ELEMENTS (KOHA)
Item type Articles
Holdings
Withdrawn status Lost status Source of classification or shelving scheme Damaged status Not for loan Permanent location Current location Date acquired Serial Enumeration / chronology Barcode Date last seen Koha item type
          Indian Institute of Public Administration Indian Institute of Public Administration 2024-09-27 114(7), Jul, 2024: p.1916-1948 AR133269 2024-09-27 Articles

Powered by Koha